000 01057nam a22002657a 4500
999 _c22446
_d22446
003 OSt
005 20220822123723.0
008 180228s2017 pe 000 0 spa
020 _a9786123175399
040 _cBiblioteca Municipal de Cusco
082 _a985.05/S63
_bS63
100 _aSobrevilla Perea, Natalia
_d1971-
_eautor
_948213
245 _aLos inicios de la república peruana :
_bviendo más allá de la cueva de bandoleros /
_cNatalia Sobrevilla Perea
250 _aSegunda reimpresión de la primera edición
260 _aLima :
_bFondo Editorial PUCP,
_c2020.
300 _a457 páginas. :
_c21 cm.
504 _aBibliografía: páginas 429-457.
650 _aElecciones
_ySiglo XIX
_zPerú
_948214
650 _aConflicto social
_ySiglo XIX
_zPerú
_948215
651 _aPerú
_yRepública, 1825
_xHistoria
_948216
651 _aPerú
_ySiglo XIX
_xPolítica y gobierno
_948217
651 _aPerú
_ySiglo XIX
_xCondiciones económicas
_948218
710 _aPontificia Universidad Católica del Perú
_eentidad editora
_9400
942 _2ddc
_cLIBROS